[Event "ROM-ch U08 Girls"]
[Site "Calimanesti Caciulata"]
[Date "2016.04.21"]
[Round "4"]
[White "Rata, Eliza"]
[Black "Spiridon, Teodora"]
[Result "0-1"]
[WhiteElo "1001"]
[BlackElo "1001"]
[PlyCount "34"]
[EventDate "2016.04.18"]
[EventType "swiss"]
[EventRounds "9"]
[EventCountry "ROU"]
[SourceTitle "CBM 172 Extra"]
[Source "ChessBase"]
[SourceDate "2016.06.21"]
[SourceVersion "1"]
[SourceVersionDate "2016.06.21"]
[SourceQuality "1"]

1. e4 e5 2. Nf3 Nc6 3. Nc3 Nf6 4. Bc4 Bb4 5. 0-0 d6 6. Ng5 Bg4 7. Qe1 d5 8. Bb3 Bxc3 9. dxc3 Na5 10. Ba4+ c6 11. exd5 Qd6 12. b4 Nc4 13. h3 h6 14. hxg4 hxg5 15. Qe2 Rc8 16. Qxc4 e4 17. b5 Qh2# 0-1

[Event "ROM-ch U08 Girls"]
[Site "Calimanesti Caciulata"]
[Date "2016.04.21"]
[Round "5"]
[White "Spiridon, Teodora"]
[Black "Murariu, Maria"]
[Result "0-1"]
[WhiteElo "1001"]
[BlackElo "1001"]
[PlyCount "78"]
[EventDate "2016.04.18"]
[EventType "swiss"]
[EventRounds "9"]
[EventCountry "ROU"]
[SourceTitle "CBM 172 Extra"]
[Source "ChessBase"]
[SourceDate "2016.06.21"]
[SourceVersion "1"]
[SourceVersionDate "2016.06.21"]
[SourceQuality "1"]

1. e4 e5 2. Bc4 Nf6 3. Nf3 Nc6 4. d3 Bc5 5. 0-0 0-0 6. Nc3 Ng4 7. g3 Bxf2+ 8. Kg2 Ne3+ 9. Kxf2 Nxd1+ 10. Ke1 Nxc3 11. Bg5 Qe8 12. bxc3 d6 13. Rg1 Kh8 14. g4 f6 15. Bh4 Na5 16. Bd5 Be6 17. Bxe6 Qxe6 18. Rg3 g5 19. d4 Qd7 20. h3 gxh4 21. Nxh4 Qc6 22. Kd2 exd4 23. Rf1 dxc3+ 24. Ke3 Rae8 25. Rf4 Nc4+ 26. Kd3 Na3 27. Re3 Nxc2 28. Kxc2 d5 29. e5 fxe5 30. Rf5 a5 31. Rxc3 Rxf5 32. Rxc6 Rf2+ 33. Kb1 bxc6 34. Kc1 Rxa2 35. Kb1 Rh2 36. Kc1 a4 37. Kd1 a3 38. Kc1 a2 39. Kd1 a1Q# 0-1

[Event "ROM-ch U08 Girls"]
[Site "Calimanesti Caciulata"]
[Date "2016.04.19"]
[Round "2"]
[White "Moraru, Ana Alina"]
[Black "Spiridon, Teodora"]
[Result "1-0"]
[WhiteElo "1001"]
[BlackElo "1001"]
[PlyCount "27"]
[EventDate "2016.04.18"]
[EventType "swiss"]
[EventRounds "9"]
[EventCountry "ROU"]
[SourceTitle "CBM 172 Extra"]
[Source "ChessBase"]
[SourceDate "2016.06.21"]
[SourceVersion "1"]
[SourceVersionDate "2016.06.21"]
[SourceQuality "1"]

1. e4 e5 2. Nf3 Nc6 3. Be2 Nf6 4. Nc3 d6 5. 0-0 Bg4 6. h3 Bxf3 7. Bxf3 Nd7 8. Bg4 Nb6 9. d3 d5 10. d4 exd4 11. Nxd5 Nxd5 12. exd5 Qxd5 13. Bf3 Qd7 14. Re1+ 1-0